000 01163nas a2200313 4500
001 BR8601761
003 BR-BrBNA
005 20231205090423.0
007 ta
008 230509b bl.|||p| |||| 00| 00por d
040 _aBR-BrBNA
_bpor
_cBiblioteca Nacional de Agricultura
041 _a(Pt)
072 _aF01
100 1 _aAlcantara, V. de B.G.
100 1 _aAbramides, P.L.G.
100 1 _aAlcantara, P.B.
245 1 _aAplicacao de auxinas e estimulantes no enraizamento de estacas de leucena, jureminha, guandu e amoreira [Leucaena leucocephala, Cajanus cajan, Desmanthus virgatus, Morus alba]
246 1 _aUtilization of some auxins and other stimulants on the rooting of Leucaena leucocephala, Desmanthus virgatus, Cajanus cajan and Morus alba cuttings
650 _aLEUCAENA
650 _aGUANDU
650 _aJUREMINHA
650 _aAMORA
650 _aAUXINA
650 _aESTIMULANTE DE CRESCIMENTO VEGETAL
650 _aENRAIZAMENTO DE ESTACA
773 0 _tBoletim de Industria Animal (Brazil)
_xISSN 0067-9615
_g(Jul-Dec 1983), v. 40(2) p. 279-285
_wBR8601761
909 _a202311
_bLúcia
_c55
_dLúcia Elande
942 _2AGRIS
_n0
_cANA
999 _c118302
_d118302